| 000 | 00914nac a22002171u 4500 | ||
|---|---|---|---|
| 010 | _a2004050406 | ||
| 020 | _a0070590338 | ||
| 082 | 0 | 0 |
_a621.3916 _bS5461 |
| 090 |
_c945 _d945 |
||
| 100 | _aShen, John Paul. | ||
| 245 | 1 | 0 |
_aModern processor design : _bfundamentals of superscalar processors / _cJohn Paul Shen, Mikko H. Lipasti. |
| 250 | _a1st ed. | ||
| 260 |
_aNew Delhi : _bTata McGraw-Hill Pub. Co., _cc2005. |
||
| 300 |
_axiv, 642 p. : _bill. ; _c25 cm. |
||
| 650 | 0 |
_aMicroprocessors _xDesign and construction. |
|
| 700 | 1 | _aLipasti, Mikko H. | |
| 856 | 4 | 2 |
_3Publisher description _uhttp://www.loc.gov/catdir/description/mh051/2004050406.html |
| 856 | 4 | 2 |
_3Table of contents _uhttp://www.loc.gov/catdir/toc/mh041/2004050406.html |
| 942 |
_cBB _k621.3916S5461 |
||
| 999 |
_c945 _d945 |
||